[Event "Arctic Chess Challenge"]
[Site "Tromsoe"]
[Date "2007.08.11"]
[Round "8"]
[White "Lie, Kjetil A"]
[Black "Carlsen, Magnus"]
[Result "1/2-1/2"]
[WhiteElo "2536"]
[BlackElo "2710"]
[PlyCount "80"]
[EventDate "2007.08.04"]
[EventType "swiss"]
[EventRounds "9"]
[EventCountry "NOR"]
[WhiteTeam "Germany"]
[BlackTeam "Germany"]
[WhiteTeamCountry "GER"]
[BlackTeamCountry "GER"]

1. e4 e5 2. Nf3 Nc6 3. d4 exd4 4. Bc4 Nf6 5. e5 Ng4 6. Qe2 Qe7 7. Bf4 f6 8.
exf6 Nxf6 9. Nbd2 d6 10. O-O-O Qxe2 11. Bxe2 Nh5 12. Bg5 h6 13. Bh4 g5 14. Nxd4
Nf4 15. Bb5 Bd7 16. Rhe1+ Be7 17. Bxc6 bxc6 18. Bg3 Nxg2 19. Re4 c5 20. Ne6
Bxe6 21. Rxe6 Nh4 22. Bxh4 gxh4 23. Re4 Rh7 24. Nf3 h3 25. Ng1 Kd7 26. Nxh3 Rf7
27. Rg1 Raf8 28. Rg6 Rf6 29. Rg3 d5 30. Rd3 Rf5 31. c4 d4 32. f4 Bd6 33. Rf3
Rh5 34. Kc2 Rg8 35. Kd3 Rg4 36. Nf2 Rgh4 37. h3 Rf5 38. Ng4 h5 39. Nf2 Rfxf4
40. Rfxf4 Bxf4 1/2-1/2

[Event "Arctic Chess Challenge"]
[Site "Tromsoe"]
[Date "2007.08.08"]
[Round "5"]
[White "Agdestein, Simen"]
[Black "Carlsen, Magnus"]
[Result "1/2-1/2"]
[WhiteElo "2582"]
[BlackElo "2710"]
[PlyCount "70"]
[EventDate "2007.08.04"]
[EventType "swiss"]
[EventRounds "9"]
[EventCountry "NOR"]
[WhiteTeam "Germany"]
[BlackTeam "Germany"]
[WhiteTeamCountry "GER"]
[BlackTeamCountry "GER"]

1. d4 Nf6 2. c4 e6 3. Nf3 b6 4. g3 Ba6 5. b3 b5 6. cxb5 Bxb5 7. Nc3 Ba6 8. Bg2
d5 9. O-O Nbd7 10. Na4 Bb5 11. Nc3 Ba6 12. Na4 Rc8 13. Bd2 Be7 14. Ba5 O-O 15.
Rc1 Ne4 16. Nd2 Nd6 17. Nc5 Nxc5 18. dxc5 Nb7 19. Bb4 Qe8 20. a4 Rb8 21. Ba3
Na5 22. b4 Nc4 23. Nxc4 Bxc4 24. b5 a6 25. Rxc4 dxc4 26. Bc6 Qd8 27. Qc2 Qd4
28. Rd1 Qe5 29. bxa6 Rb3 30. a7 Rxa3 31. Qxc4 Rc3 32. Qa6 g6 33. a8=Q Rxa8 34.
Qxa8+ Kg7 35. Bf3 Bxc5 1/2-1/2

[Event "Arctic Chess Challenge"]
[Site "Tromsoe"]
[Date "2007.08.07"]
[Round "4"]
[White "Carlsen, Magnus"]
[Black "Stubberud, Ornulf A"]
[Result "1-0"]
[WhiteElo "2710"]
[BlackElo "2231"]
[PlyCount "101"]
[EventDate "2007.08.04"]
[EventType "swiss"]
[EventRounds "9"]
[EventCountry "NOR"]
[WhiteTeam "Germany"]
[BlackTeam "Germany"]
[WhiteTeamCountry "GER"]
[BlackTeamCountry "GER"]

1. d4 Nf6 2. c4 e6 3. g3 d5 4. Nf3 Bb4+ 5. Nbd2 O-O 6. Bg2 dxc4 7. Qc2 Nc6 8.
Qxc4 Ne4 9. Qd3 Nxd2 10. Bxd2 Qe7 11. O-O Rd8 12. Bxb4 Nxb4 13. Qc4 Nd5 14.
Rac1 c6 15. Rfd1 Bd7 16. Ne5 Be8 17. Nd3 Nb6 18. Qc3 Nd7 19. Qa5 Qd6 20. e3 f6
21. b4 a6 22. Nc5 Nxc5 23. bxc5 Qe7 24. Rb1 Bg6 25. Rb4 Rd7 26. Rd2 Rc8 27. h4
Rcc7 28. Qa4 Bf7 29. Qd1 g6 30. Rbb2 Kg7 31. Rbc2 Rd8 32. Qa1 Rcd7 33. Bh3 Rd5
34. e4 R5d7 35. Qc3 Rc7 36. a3 Qf8 37. Rd3 Qe7 38. Re2 Rcd7 39. Ree3 Rc7 40. f4
Qf8 41. Re1 Kg8 42. Kh2 Re8 43. Rde3 Rce7 44. R1e2 e5 45. dxe5 fxe5 46. f5 Rd8
47. Rf3 Rd4 48. fxg6 hxg6 49. Ref2 Qe8 50. Qe3 Kg7 51. h5 1-0

[Event "Arctic Chess Challenge"]
[Site "Tromsoe"]
[Date "2007.08.06"]
[Round "3"]
[White "Larsen, Karsten"]
[Black "Carlsen, Magnus"]
[Result "1/2-1/2"]
[WhiteElo "2307"]
[BlackElo "2710"]
[PlyCount "89"]
[EventDate "2007.08.04"]
[EventType "swiss"]
[EventRounds "9"]
[EventCountry "NOR"]
[WhiteTeam "Germany"]
[BlackTeam "Germany"]
[WhiteTeamCountry "GER"]
[BlackTeamCountry "GER"]

1. e4 e5 2. Nf3 Nc6 3. Bb5 a6 4. Bxc6 dxc6 5. O-O Bd6 6. d4 exd4 7. Qxd4 f6 8.
Be3 Ne7 9. Nbd2 Be6 10. Rad1 Ng6 11. Nc4 Bxc4 12. Qxc4 Qe7 13. Rfe1 O-O-O 14.
Bd4 Rhe8 15. Bc3 Kb8 16. a4 Rd7 17. b3 Red8 18. g3 h5 19. h4 Qe8 20. Kg2 Re7
21. a5 Rdd7 22. Rd4 Nf8 23. Rd3 Ng6 24. Rde3 Ne5 25. Bxe5 Bxe5 26. Rd3 Bd6 27.
Rde3 Re6 28. c3 Rde7 29. Nd4 Re5 30. b4 Ka8 31. Nf5 Rd7 32. f4 Re6 33. Nd4 Ree7
34. Nf3 g5 35. hxg5 fxg5 36. Nxg5 Rg7 37. e5 Be7 38. Qe6 Qd8 39. Ne4 h4 40. g4
h3+ 41. Kh2 Bh4 42. R1e2 Rde7 43. Qf5 Rgf7 44. Qh5 Rh7 45. Qf5 1/2-1/2

[Event "Arctic Chess Challenge"]
[Site "Tromsoe"]
[Date "2007.08.05"]
[Round "2"]
[White "Carlsen, Magnus"]
[Black "De Firmian, Nick E"]
[Result "1-0"]
[WhiteElo "2710"]
[BlackElo "2540"]
[PlyCount "71"]
[EventDate "2007.08.04"]
[EventType "swiss"]
[EventRounds "9"]
[EventCountry "NOR"]
[WhiteTeam "Germany"]
[BlackTeam "Germany"]
[WhiteTeamCountry "GER"]
[BlackTeamCountry "GER"]

1. d4 Nf6 2. c4 e6 3. Nf3 c5 4. g3 cxd4 5. Nxd4 Nc6 6. Bg2 Bc5 7. Nb3 Bb4+ 8.
Bd2 d5 9. cxd5 Nxd5 10. O-O O-O 11. Bxb4 Ncxb4 12. Qd2 Qb6 13. Na3 Nxa2 14. Nd4
Ndb4 15. Nf3 Rd8 16. Qf4 Bd7 17. Nc4 Qa6 18. Rfd1 f6 19. Rd6 Nc3 20. Re1 Ncd5
21. Qe4 Qb5 22. b3 Nc3 23. Qd4 Ncd5 24. Qd2 Qc5 25. e4 b5 26. exd5 exd5 27.
Rxd7 Rxd7 28. Nb2 Rc7 29. Nd3 Nxd3 30. Qxd3 Kh8 31. Nd4 a6 32. Qe2 Rcc8 33. Qg4
Re8 34. Ne6 Qe7 35. Bxd5 Rad8 36. Bc6 1-0

[Event "Arctic Chess Challenge"]
[Site "Tromsoe"]
[Date "2007.08.04"]
[Round "1"]
[White "Larsen Hagen, Brede Andre"]
[Black "Carlsen, Magnus"]
[Result "1/2-1/2"]
[WhiteElo "2034"]
[BlackElo "2710"]
[PlyCount "72"]
[EventDate "2007.08.04"]
[EventType "swiss"]
[EventRounds "9"]
[EventCountry "NOR"]
[WhiteTeam "Germany"]
[BlackTeam "Germany"]
[WhiteTeamCountry "GER"]
[BlackTeamCountry "GER"]

1. e4 c5 2. Nf3 d6 3. d4 cxd4 4. Nxd4 Nf6 5. Nc3 a6 6. g3 e5 7. Nde2 Be7 8. Bg2
Nbd7 9. O-O b5 10. h3 Bb7 11. g4 b4 12. Nd5 Nxd5 13. exd5 O-O 14. Ng3 Re8 15.
a3 a5 16. Be3 Qc7 17. Qd2 Nb6 18. b3 Bf8 19. Rfd1 bxa3 20. Rxa3 a4 21. Qb4 Qxc2
22. Rc1 Qb2 23. Rca1 Bxd5 24. Qxb6 Rab8 25. Qxb8 Rxb8 26. Bxd5 axb3 27. Ra7 Qc2
28. Rc1 Qg6 29. Bxf7+ Qxf7 30. Rxf7 Kxf7 31. Rb1 b2 32. Bd2 d5 33. Bc3 Rc8 34.
Bxb2 Rb8 35. Rd1 Rxb2 36. Rxd5 Ke6 1/2-1/2

[Event "Biel GM"]
[Site "Biel"]
[Date "2007.08.01"]
[Round "8"]
[White "Van Wely, Loek"]
[Black "Carlsen, Magnus"]
[Result "1-0"]
[WhiteElo "2680"]
[BlackElo "2710"]
[PlyCount "119"]
[EventDate "2007.07.23"]
[EventType "tourn"]
[EventRounds "9"]
[EventCountry "SUI"]
[EventCategory "18"]
[WhiteTeam "Germany"]
[BlackTeam "Germany"]
[WhiteTeamCountry "GER"]
[BlackTeamCountry "GER"]

1. d4 Nf6 2. c4 e6 3. Nf3 d5 4. Nc3 Bb4 5. Bg5 O-O 6. e3 c5 7. cxd5 exd5 8. Bd3
c4 9. Bc2 Nbd7 10. O-O Qa5 11. Rc1 Bxc3 12. bxc3 Ne4 13. Bb1 Re8 14. Bf4 Nb6
15. Ne5 f6 16. Qh5 Be6 17. f3 fxe5 18. Bxe5 Bf7 19. Qh3 Nf6 20. Bxf6 gxf6 21.
Qh6 Bg6 22. Bxg6 hxg6 23. Qxg6+ Kf8 24. Qxf6+ Kg8 25. Qg6+ Kf8 26. Qf6+ Kg8 27.
e4 Qb5 28. Qg6+ Kf8 29. Qf6+ Kg8 30. Qg6+ Kf8 31. e5 Qc6 32. Qf5+ Ke7 33. Qh7+
Kd8 34. f4 Qd7 35. Qxd7+ Kxd7 36. g4 Rg8 37. h3 Na4 38. Kg2 b5 39. Kg3 a5 40.
a3 b4 41. cxb4 axb4 42. axb4 Nb2 43. Rc3 Nd3 44. b5 Rgb8 45. Rb1 Ra5 46. f5
Raxb5 47. Rxb5 Rxb5 48. e6+ Ke7 49. Ra3 Rb7 50. g5 Nb4 51. Re3 Nc6 52. f6+ Kd6
53. Kg4 c3 54. e7 c2 55. Rc3 Rb8 56. Rxc2 Nxd4 57. Rb2 Rc8 58. g6 Ne6 59. Rb6+
Kd7 60. Rb7+ 1-0

[Event "Biel GM"]
[Site "Biel"]
[Date "2007.07.31"]
[Round "7"]
[White "Carlsen, Magnus"]
[Black "Pelletier, Yannick"]
[Result "0-1"]
[WhiteElo "2710"]
[BlackElo "2591"]
[PlyCount "96"]
[EventDate "2007.07.23"]
[EventType "tourn"]
[EventRounds "9"]
[EventCountry "SUI"]
[EventCategory "18"]
[WhiteTeam "Germany"]
[BlackTeam "Germany"]
[WhiteTeamCountry "GER"]
[BlackTeamCountry "GER"]

1. d4 Nf6 2. c4 e6 3. Nc3 Bb4 4. Qc2 O-O 5. a3 Bxc3+ 6. Qxc3 b6 7. Bg5 Bb7 8.
e3 c5 9. dxc5 bxc5 10. Ne2 a5 11. Bxf6 Qxf6 12. Qxf6 gxf6 13. O-O-O Rd8 14. Nc3
d6 15. Bd3 Kf8 16. Bxh7 f5 17. e4 Kg7 18. exf5 Kxh7 19. fxe6 fxe6 20. Rhe1 Bxg2
21. Ne4 Bxe4 22. Rxe4 Ra7 23. Rxe6 Rad7 24. Rd3 Nc6 25. Rh3+ Kg8 26. Rhh6 Ne5
27. f4 Nxc4 28. b3 Nxa3 29. Rhg6+ Kh8 30. Rh6+ Kg8 31. Rhg6+ Kh8 32. Rh6+ Rh7
33. Rxd6 Rxd6 34. Rxd6 Rxh2 35. Ra6 Nb5 36. Rxa5 Nd4 37. Kb1 Nxb3 38. Rb5 c4
39. f5 Kg7 40. f6+ Kxf6 41. Rf5+ Ke6 42. Re5+ Kd6 43. Rd5+ Kc6 44. Rd6+ Kc5 45.
Rc6+ Kd5 46. Rd6+ Ke4 47. Re6+ Kd3 48. Re3+ Kd2 0-1

[Event "Biel GM"]
[Site "Biel"]
[Date "2007.07.29"]
[Round "6"]
[White "Grischuk, Alexander"]
[Black "Carlsen, Magnus"]
[Result "1/2-1/2"]
[WhiteElo "2726"]
[BlackElo "2710"]
[PlyCount "110"]
[EventDate "2007.07.23"]
[EventType "tourn"]
[EventRounds "9"]
[EventCountry "SUI"]
[EventCategory "18"]
[WhiteTeam "Germany"]
[BlackTeam "Germany"]
[WhiteTeamCountry "GER"]
[BlackTeamCountry "GER"]

1. d4 Nf6 2. c4 e6 3. Nf3 c5 4. e3 d5 5. cxd5 exd5 6. Bb5+ Bd7 7. Bxd7+ Nbxd7
8. dxc5 Nxc5 9. O-O Be7 10. Nc3 O-O 11. b3 Nce4 12. Ne2 Rc8 13. Bb2 Qd7 14. Ne5
Qd6 15. f3 Nc5 16. Qd2 Ne6 17. Rfd1 Rfd8 18. Nd3 Ne8 19. Ndf4 Nxf4 20. Nxf4 Bf6
21. Rac1 Rxc1 22. Qxc1 Bxb2 23. Qxb2 Nf6 24. Rd4 Qc5 25. Qd2 h6 26. h3 Rd7 27.
Rd3 Rd8 28. Kh1 Re8 29. Nxd5 Nxd5 30. Rxd5 Qxe3 31. Qxe3 Rxe3 32. Rd8+ Kh7 33.
Rd7 Re2 34. a4 b6 35. Rxf7 Rb2 36. Rxa7 Rxb3 37. Kh2 b5 38. axb5 Rxb5 39. g4 h5
40. Kg3 hxg4 41. hxg4 Kg8 42. f4 g6 43. Kf3 Rb4 44. Rd7 Kf8 45. g5 Ra4 46. Ke3
Rb4 47. Rd4 Rb1 48. Ke4 Re1+ 49. Kd5 Kf7 50. Kc6 Rc1+ 51. Kd7 Rc5 52. Kd6 Rf5
53. Rc4 Kg8 54. Ke7 Kg7 55. Ke6 Kg8 1/2-1/2

[Event "Biel GM"]
[Site "Biel"]
[Date "2007.07.28"]
[Round "5"]
[White "Carlsen, Magnus"]
[Black "Onischuk, Alexander"]
[Result "1-0"]
[WhiteElo "2710"]
[BlackElo "2650"]
[PlyCount "75"]
[EventDate "2007.07.23"]
[EventType "tourn"]
[EventRounds "9"]
[EventCountry "SUI"]
[EventCategory "18"]
[WhiteTeam "Germany"]
[BlackTeam "Germany"]
[WhiteTeamCountry "GER"]
[BlackTeamCountry "GER"]

1. d4 Nf6 2. c4 e6 3. Nf3 d5 4. Bg5 h6 5. Bxf6 Qxf6 6. Nc3 c6 7. Qb3 dxc4 8.
Qxc4 Nd7 9. e3 g6 10. Be2 Bg7 11. O-O O-O 12. Rfd1 e5 13. Ne4 Qe7 14. d5 cxd5
15. Qxd5 Nb6 16. Qc5 Qxc5 17. Nxc5 Bg4 18. h3 Rac8 19. Nxb7 Be6 20. b3 Rc2 21.
Bf1 Nd5 22. Bc4 Nc3 23. Rd2 Rxd2 24. Nxd2 e4 25. Kf1 Rb8 26. Nc5 Bxc4+ 27. Nxc4
Rb5 28. Na6 Bf8 29. b4 Bxb4 30. a4 Rb7 31. Rc1 Nd5 32. Rb1 f5 33. a5 Kg7 34.
Ne5 f4 35. exf4 e3 36. fxe3 Nxe3+ 37. Kg1 Nd5 38. Kh1 1-0

[Event "Biel GM"]
[Site "Biel"]
[Date "2007.07.25"]
[Round "3"]
[White "Carlsen, Magnus"]
[Black "Avrukh, Boris"]
[Result "1/2-1/2"]
[WhiteElo "2710"]
[BlackElo "2645"]
[PlyCount "71"]
[EventDate "2007.07.23"]
[EventType "tourn"]
[EventRounds "9"]
[EventCountry "SUI"]
[EventCategory "18"]
[WhiteTeam "Germany"]
[BlackTeam "Germany"]
[WhiteTeamCountry "GER"]
[BlackTeamCountry "GER"]

1. e4 c5 2. Nf3 e6 3. d4 cxd4 4. Nxd4 a6 5. Bd3 Bc5 6. c3 Ne7 7. O-O Nbc6 8.
Be3 d6 9. Nd2 O-O 10. Qe2 Qc7 11. Rad1 Bd7 12. Nxc6 Qxc6 13. e5 Bxe3 14. Qxe3
dxe5 15. Qxe5 Rad8 16. Nf3 f6 17. Qh5 g6 18. Qh4 Qc7 19. Rfe1 Bc8 20. Qc4 Nd5
21. Nd4 e5 22. Qxc7 Nxc7 23. Bc4+ Kg7 24. f4 Bg4 25. Nf3 Rxd1 26. Rxd1 exf4 27.
Rd6 Re8 28. Nd4 Bc8 29. Kf2 Re5 30. a4 g5 31. b4 h5 32. Bb3 Re3 33. Rd8 Re8 34.
Rd6 Re3 35. Rd8 Re8 36. Rd6 1/2-1/2

[Event "Dortmund SuperGM"]
[Site "Dortmund"]
[Date "2007.07.01"]
[Round "7"]
[White "Carlsen, Magnus"]
[Black "Anand, Viswanathan"]
[Result "1/2-1/2"]
[WhiteElo "2693"]
[BlackElo "2786"]
[PlyCount "77"]
[EventDate "2007.06.23"]
[EventType "tourn"]
[EventRounds "7"]
[EventCountry "GER"]
[EventCategory "20"]
[WhiteTeam "Germany"]
[BlackTeam "Germany"]
[WhiteTeamCountry "GER"]
[BlackTeamCountry "GER"]

1. d4 d5 2. c4 c6 3. Nf3 Nf6 4. e3 Bf5 5. Nc3 e6 6. Nh4 Bg6 7. Nxg6 hxg6 8. Bd2
Nbd7 9. a3 Be7 10. Qc2 O-O 11. Be2 dxc4 12. Bxc4 c5 13. dxc5 Nxc5 14. O-O Rc8
15. Rfd1 Qc7 16. Rac1 Rfd8 17. Be2 Nce4 18. Be1 Nxc3 19. Qxc3 Rxd1 20. Bxd1
Qxc3 21. Rxc3 Rxc3 22. Bxc3 Ne4 23. Be1 g5 24. Kf1 b6 25. Ke2 Bf6 26. Bc2 Nd6
27. b3 Kf8 28. Bd3 Ke7 29. g4 Bb2 30. a4 f6 31. b4 e5 32. f3 Bc1 33. Bc3 Kd8
34. b5 Ba3 35. Bd2 Ke7 36. f4 gxf4 37. exf4 exf4 38. Bxf4 g5 39. Bxd6+ 1/2-1/2

[Event "Dortmund SuperGM"]
[Site "Dortmund"]
[Date "2007.06.29"]
[Round "5"]
[White "Carlsen, Magnus"]
[Black "Gelfand, Boris"]
[Result "1/2-1/2"]
[WhiteElo "2693"]
[BlackElo "2733"]
[PlyCount "54"]
[EventDate "2007.06.23"]
[EventType "tourn"]
[EventRounds "7"]
[EventCountry "GER"]
[EventCategory "20"]
[WhiteTeam "Germany"]
[BlackTeam "Germany"]
[WhiteTeamCountry "GER"]
[BlackTeamCountry "GER"]

1. d4 d5 2. c4 c6 3. Nf3 Nf6 4. e3 Bg4 5. h3 Bxf3 6. Qxf3 e6 7. Nc3 Nbd7 8. Bd3
Bb4 9. O-O O-O 10. Bd2 dxc4 11. Bxc4 e5 12. a3 Bd6 13. Rad1 Qe7 14. Qf5 Rad8
15. dxe5 Bxe5 16. Qc2 Bc7 17. Be2 Nc5 18. Bc1 Qe5 19. g3 Qe6 20. Kg2 Nb3 21.
Nb5 Bb8 22. Bc4 Na1 23. Bxe6 Nxc2 24. Bf5 Nxe3+ 25. Bxe3 cxb5 26. Bc5 Rfe8 27.
Rxd8 Rxd8 1/2-1/2

[Event "Dortmund SuperGM"]
[Site "Dortmund"]
[Date "2007.06.26"]
[Round "3"]
[White "Carlsen, Magnus"]
[Black "Alekseev, Evgeny"]
[Result "1/2-1/2"]
[WhiteElo "2693"]
[BlackElo "2679"]
[PlyCount "118"]
[EventDate "2007.06.23"]
[EventType "tourn"]
[EventRounds "7"]
[EventCountry "GER"]
[EventCategory "20"]
[WhiteTeam "Germany"]
[BlackTeam "Germany"]
[WhiteTeamCountry "GER"]
[BlackTeamCountry "GER"]

1. d4 Nf6 2. c4 e6 3. Nf3 b6 4. g3 Bb7 5. Bg2 Be7 6. O-O O-O 7. Nc3 Ne4 8. Nxe4
Bxe4 9. Nh4 Bxg2 10. Nxg2 d5 11. Qa4 Qe8 12. Qxe8 Rxe8 13. cxd5 exd5 14. Be3 c5
15. Nf4 Rd8 16. dxc5 bxc5 17. Rac1 d4 18. Bd2 a5 19. Nd3 Nd7 20. e3 Nf6 21.
Rfd1 Ne4 22. exd4 Nxd2 23. Rxd2 Bg5 24. f4 Rxd4 25. fxg5 c4 26. Rdc2 Rxd3 27.
Rxc4 g6 28. R4c3 Rd2 29. R1c2 Rad8 30. Rxd2 Rxd2 31. Rb3 a4 32. Rb4 a3 33. bxa3
Rxa2 34. a4 Kg7 35. h4 h6 36. Kf1 hxg5 37. hxg5 Kf8 38. Re4 Rc2 39. Ke1 Rc5 40.
Rg4 Ke7 41. Kd2 Ke6 42. Kd3 Rc1 43. Rc4 Rg1 44. g4 Rg3+ 45. Kc2 Kd5 46. Rf4 Kc5
47. Kd2 Ra3 48. Ke2 Kd5 49. Kf2 Ra2+ 50. Kg3 Ra3+ 51. Kf2 Ra2+ 52. Ke3 Ra3+ 53.
Kd2 Kc5 54. Kc2 Rg3 55. Kb2 Rg2+ 56. Kc3 Rg3+ 57. Kc2 Ra3 58. Kb2 Rg3 59. a5
Kb5 1/2-1/2

[Event "Dortmund SuperGM"]
[Site "Dortmund"]
[Date "2007.06.24"]
[Round "2"]
[White "Naiditsch, Arkadij"]
[Black "Carlsen, Magnus"]
[Result "1/2-1/2"]
[WhiteElo "2654"]
[BlackElo "2693"]
[PlyCount "70"]
[EventDate "2007.06.23"]
[EventType "tourn"]
[EventRounds "7"]
[EventCountry "GER"]
[EventCategory "20"]
[WhiteTeam "Germany"]
[BlackTeam "Germany"]
[WhiteTeamCountry "GER"]
[BlackTeamCountry "GER"]

1. e4 e5 2. Nf3 Nc6 3. Bb5 a6 4. Bxc6 dxc6 5. O-O Qf6 6. d4 exd4 7. Bg5 Qd6 8.
Nxd4 Be7 9. Bxe7 Nxe7 10. Nb3 Be6 11. Nc3 O-O-O 12. Qe2 Kb8 13. Rad1 Qf4 14. g3
Qf6 15. Rxd8+ Rxd8 16. Rd1 Rd6 17. f4 Bc8 18. Rd3 Qe6 19. Qd2 Rxd3 20. Qxd3 b6
21. Nd4 Qd6 22. e5 Qd7 23. b4 h6 24. a3 Nf5 25. Nce2 Ne7 26. Nc1 Bb7 27. Ndb3
Qh3 28. Qd8+ Nc8 29. Qd2 h5 30. Nd3 h4 31. Nf2 Qe6 32. Nd4 Qd5 33. Nb3 Qe6 34.
Nd4 Qd5 35. Nb3 Qe6 1/2-1/2

[Event "Dortmund SuperGM"]
[Site "Dortmund"]
[Date "2007.06.23"]
[Round "1"]
[White "Carlsen, Magnus"]
[Black "Leko, Peter"]
[Result "1/2-1/2"]
[WhiteElo "2693"]
[BlackElo "2738"]
[PlyCount "57"]
[EventDate "2007.06.23"]
[EventType "tourn"]
[EventRounds "7"]
[EventCountry "GER"]
[EventCategory "20"]
[WhiteTeam "Germany"]
[BlackTeam "Germany"]
[WhiteTeamCountry "GER"]
[BlackTeamCountry "GER"]

1. e4 e5 2. Nf3 Nc6 3. Bb5 a6 4. Ba4 Nf6 5. O-O Be7 6. Re1 b5 7. Bb3 O-O 8. d4
Nxd4 9. Nxd4 exd4 10. e5 Ne8 11. Qxd4 Bb7 12. c4 bxc4 13. Qxc4 d5 14. exd6 Nxd6
15. Qg4 Nb5 16. Nc3 Nxc3 17. bxc3 Bd6 18. Bf4 Qf6 19. Bxd6 cxd6 20. Rad1 Rad8
21. Re3 Rfe8 22. Rde1 Rxe3 23. Rxe3 g6 24. h4 h5 25. Qb4 Rd7 26. Rd3 Re7 27.
Qd4 Re1+ 28. Kh2 Qe7 29. Re3 1/2-1/2

[Event "Amber-rapid 16th"]
[Site "Monte Carlo"]
[Date "2007.03.29"]
[Round "11"]
[White "Van Wely, Loek"]
[Black "Carlsen, Magnus"]
[Result "0-1"]
[WhiteElo "2683"]
[BlackElo "2690"]
[PlyCount "112"]
[EventDate "2007.03.17"]
[EventType "tourn (rapid)"]
[EventRounds "11"]
[EventCountry "MNC"]
[EventCategory "20"]
[WhiteTeam "Germany"]
[BlackTeam "Germany"]
[WhiteTeamCountry "GER"]
[BlackTeamCountry "GER"]

1. d4 Nf6 2. c4 e6 3. Nf3 b6 4. g3 Ba6 5. b3 Bb4+ 6. Bd2 Be7 7. Nc3 O-O 8. Qc2
d5 9. cxd5 exd5 10. Bg2 c5 11. Rd1 Nc6 12. Be3 Rc8 13. O-O cxd4 14. Nxd4 Bb4
15. Bh3 Nxd4 16. Bxd4 Rxc3 17. Bxc3 Bxc3 18. Qxc3 Bxe2 19. Bg2 Qd6 20. Qd4 Rd8
21. b4 h6 22. Rfe1 Bxd1 23. Rxd1 Qc6 24. Bf3 Rd7 25. Qb2 Rc7 26. Kg2 Qd6 27.
Qd4 Kf8 28. a3 Rc8 29. Rd3 Qd7 30. Qf4 Qc6 31. Qd2 Ne4 32. Qe3 Qe6 33. Rd4 Ng5
34. Bxd5 Qxe3 35. fxe3 Rc2+ 36. Kh1 Rc3 37. h4 Nh7 38. Rc4 Rxe3 39. Rc7 Nf6 40.
Bxf7 Rxa3 41. Kg2 Ne4 42. Bd5 Rxg3+ 43. Kh2 Rg4 44. Rxa7 Rxh4+ 45. Kg2 Nf6 46.
Be6 Re4 47. Ba2 Rxb4 48. Kf3 Nh5 49. Rf7+ Ke8 50. Rb7 Kd8 51. Ke3 g5 52. Rf7
Nf4 53. Rg7 Ra4 54. Bb1 Nd5+ 55. Kf2 Rf4+ 56. Ke2 Nc3+ 0-1

[Event "Amber-blindfold 16th"]
[Site "Monte Carlo"]
[Date "2007.03.27"]
[Round "9"]
[White "Carlsen, Magnus"]
[Black "Kramnik, Vladimir"]
[Result "1/2-1/2"]
[WhiteElo "2690"]
[BlackElo "2766"]
[PlyCount "52"]
[EventDate "2007.03.17"]
[EventType "tourn (rapid)"]
[EventRounds "11"]
[EventCountry "MNC"]
[EventCategory "20"]
[WhiteTeam "Germany"]
[BlackTeam "Germany"]
[WhiteTeamCountry "GER"]
[BlackTeamCountry "GER"]

1. e4 e5 2. Nf3 Nc6 3. Bb5 a6 4. Ba4 Nf6 5. O-O Be7 6. d3 b5 7. Bb3 d6 8. c3
O-O 9. Nbd2 Na5 10. Bc2 c5 11. d4 Qc7 12. d5 Bd7 13. b3 g6 14. Re1 Nh5 15. Nf1
Nb7 16. Bh6 Ng7 17. a4 Rfb8 18. Qd2 Nd8 19. b4 f6 20. bxc5 dxc5 21. axb5 axb5
22. c4 b4 23. Qe2 Nf7 24. Be3 Rxa1 25. Rxa1 f5 26. Bc1 f4 1/2-1/2

[Event "Amber-blindfold 16th"]
[Site "Monte Carlo"]
[Date "2007.03.25"]
[Round "8"]
[White "Ivanchuk, Vassily"]
[Black "Carlsen, Magnus"]
[Result "1/2-1/2"]
[WhiteElo "2750"]
[BlackElo "2690"]
[PlyCount "116"]
[EventDate "2007.03.17"]
[EventType "tourn (rapid)"]
[EventRounds "11"]
[EventCountry "MNC"]
[EventCategory "20"]
[WhiteTeam "Germany"]
[BlackTeam "Germany"]
[WhiteTeamCountry "GER"]
[BlackTeamCountry "GER"]

1. d4 Nf6 2. Nf3 d5 3. c4 c6 4. e3 Bf5 5. Nc3 a6 6. Bd2 e6 7. Nh4 Be4 8. f3 Bg6
9. Qb3 Ra7 10. O-O-O Be7 11. Nxg6 hxg6 12. Kb1 O-O 13. g4 dxc4 14. Bxc4 b5 15.
Be2 c5 16. dxc5 Nbd7 17. c6 Nc5 18. Qc2 Qb6 19. g5 Nh5 20. Rc1 Rc8 21. b4 Na4
22. Nxa4 bxa4 23. Qxa4 Rb8 24. Rc4 Bxg5 25. f4 Bd8 26. Rhc1 Bc7 27. Qb3 Nf6 28.
a4 Rd8 29. R1c2 Raa8 30. Ka2 Rab8 31. Bf3 Rd6 32. e4 Rbd8 33. Be3 Qb8 34. R4c3
Rd4 35. Bxd4 Rxd4 36. Rc4 Qd8 37. e5 Ne8 38. Rxd4 Qxd4 39. Qc4 Qe3 40. Qe4 Qb6
41. a5 Qg1 42. h4 Qg3 43. Be2 Qxh4 44. Bxa6 g5 45. Bc8 Bd8 46. Qd4 gxf4 47. Rd2
Be7 48. Qd7 f3 49. Qxe8+ Kh7 50. Ba6 Qxb4 51. Bd3+ Kh6 52. Qh8+ Kg5 53. Qxg7+
Kf4 54. Qh6+ Kg4 55. Qg7+ Bg5 56. Rc2 Qa4+ 57. Kb2 Qb4+ 58. Ka2 Qa4+ 1/2-1/2

[Event "Amber-rapid 16th"]
[Site "Monte Carlo"]
[Date "2007.03.22"]
[Round "5"]
[White "Leko, Peter"]
[Black "Carlsen, Magnus"]
[Result "1/2-1/2"]
[WhiteElo "2749"]
[BlackElo "2690"]
[PlyCount "56"]
[EventDate "2007.03.17"]
[EventType "tourn (rapid)"]
[EventRounds "11"]
[EventCountry "MNC"]
[EventCategory "20"]
[WhiteTeam "Germany"]
[BlackTeam "Germany"]
[WhiteTeamCountry "GER"]
[BlackTeamCountry "GER"]

1. Nf3 Nf6 2. c4 c6 3. d4 d5 4. e3 Bf5 5. Nc3 a6 6. Ne5 Nbd7 7. g4 Nxe5 8. dxe5
Nxg4 9. cxd5 Nxe5 10. f4 e6 11. fxe5 Qh4+ 12. Kd2 O-O-O 13. Qe1 Rxd5+ 14. Nxd5
Qe4 15. Nb6+ Kc7 16. Ke2 Qxh1 17. Qa5 Qxh2+ 18. Kf3 Qh5+ 19. Kf2 Qh4+ 20. Ke2
Qg4+ 21. Kf2 Qh4+ 22. Ke2 Qh2+ 23. Kf3 Bg4+ 24. Kxg4 Qg1+ 25. Kf3 Qxf1+ 26. Kg3
Qg1+ 27. Kf3 Qf1+ 28. Kg3 Qg1+ 1/2-1/2

[Event "Amber-blindfold 16th"]
[Site "Monte Carlo"]
[Date "2007.03.22"]
[Round "5"]
[White "Carlsen, Magnus"]
[Black "Leko, Peter"]
[Result "1/2-1/2"]
[WhiteElo "2690"]
[BlackElo "2749"]
[PlyCount "73"]
[EventDate "2007.03.17"]
[EventType "tourn (rapid)"]
[EventRounds "11"]
[EventCountry "MNC"]
[EventCategory "20"]
[WhiteTeam "Germany"]
[BlackTeam "Germany"]
[WhiteTeamCountry "GER"]
[BlackTeamCountry "GER"]

1. d4 Nf6 2. c4 e6 3. Nc3 Bb4 4. a3 Bxc3+ 5. bxc3 Nc6 6. f3 b6 7. e4 Ba6 8. Bg5
h6 9. Bh4 g5 10. Bf2 Qe7 11. h4 O-O-O 12. d5 Na5 13. c5 Bxf1 14. d6 cxd6 15.
cxd6 Qf8 16. Kxf1 Ne8 17. e5 f6 18. Qd3 Kb7 19. Rb1 fxe5 20. Qe4+ Nc6 21. Bxb6
axb6 22. Qe3 Nxd6 23. Qxb6+ Ka8 24. Qa6+ Na7 25. Rb6 Rb8 26. Rxd6 g4 27. Rxd7
Qc5 28. Qd3 Rb2 29. Ne2 g3 30. Ke1 Rhb8 31. Kd1 Qxa3 32. Qe4+ R2b7 33. Nxg3 Nb5
34. Qc6 Na7 35. Qe4 Nb5 36. Qc6 Na7 37. Qe4 1/2-1/2